MARC

Tag First Indicator Second Indicator Subfields
LEADER 00000cam a22000008a 4500
001 in00000017975
005 20180912135709.0
008 871117r19881926txuaf s00010aeng
010 |a  87033538  
020 |a 0890963274 (alk. paper) :  |c $27.95 
035 |a (OCoLC)17202723 
035 |9 AAB0454AM 
040 |a DLC  |c DLC  |d TXA  |d UtOrBLW 
043 |a n-us--- 
049 |a TXAM  |c [A11051312]  |a TXAS  |c 2 [pres], 3 [mil] 
050 0 0 |a D606  |b .G7 1988 
082 0 |a 940.4/4973  |2 19 
100 1 |a Grider, John MacGavock,  |d 1892-1918. 
245 1 0 |a War birds :  |b diary of an unknown aviator /  |c John MacGavock Grider ; edited by Elliott White Springs ; illustrated by Clayton Knight ; new foreword by James J. Hudson. 
263 |a 8803 
264 1 |a College Station :  |b Texas A&M University Press,  |c [1988] 
264 4 |c ©1988 
300 |a 277 pages, 5 unnumbered leaves of plates :  |b illustrations 
336 |a text  |b txt  |2 rdacontent 
337 |a unmediated  |b n  |2 rdamedia 
338 |a volume  |b nc  |2 rdacarrier 
490 1 |a Texas A & M University military history series ;  |v 6 
500 |a Reprint. Originally published: New York : G.H. Doran Co., 1926. 
500 |a The Cushing Library/Ragan Military copy is a gift of Ann, Fred, and Tracie Burns for the Major Curtis Burns '52 Aviation Collection. 
600 1 0 |a Grider, John MacGavock,  |d 1892-1918  |x Diaries. 
650 0 |a World War, 1914-1918  |x Aerial operations, American. 
650 0 |a World War, 1914-1918  |v Personal narratives, American. 
650 0 |a Fighter pilots  |z United States  |v Biography. 
610 1 0 |a United States.  |b Army Air Forces  |x Biography. 
700 1 |a Springs, Elliott White. 
830 0 |a Texas A & M University military history series ;  |v 6. 
999 |a MARS 
999 f f |s e10b3cac-c05d-325b-9c36-b7b61e9a6ad2  |i f9b1861d-4667-3043-b5ef-4c86dda492e0  |t 0 
952 f f |p noncirc  |a Texas A&M University  |b College Station  |c Cushing Memorial Library & Archives  |d Cushing: Ragan Military (Does not check out)  |t 0  |e D606 .G7 1988  |h Library of Congress classification  |i unmediated -- volume  |m A14852141424 
952 f f |p ric  |a Texas A&M University  |b Rellis Campus  |c Joint Library Facility  |d Remote Storage  |t 0  |e D606 .G7 1988  |h Library of Congress classification  |i unmediated -- volume  |m A14811051312 
952 f f |p noncirc  |a Texas A&M University  |b College Station  |c Cushing Memorial Library & Archives  |d Cushing: Texas A&M Press (Does not check out)  |t 0  |e D606 .G7 1988  |h Library of Congress classification  |i unmediated -- volume 
998 f f |a D606 .G7 1988  |t 0  |l Cushing: Texas A&M Press (Does not check out) 
998 f f |a D606 .G7 1988  |t 0  |l Cushing: Ragan Military (Does not check out) 
998 f f |a D606 .G7 1988  |t 0  |l Remote Storage